000 00556 a2200181 4500
005 20260330110600.0
008 250211b |||||||| |||| 00| 0 eng d
020 _a9789326352970
080 _a791.4=H
_bSHR/V
100 _aShriram Tiwari;ed.by
245 _aViswa cinema ka saundryabodh(विश्व सिनेमा का सौन्दर्यबोध)
250 _a3rd ed
260 _bBharatiya Jnanpith
_aNew Delhi.
_c2018.
300 _a243p.
653 _aCinema-Hindi Literature
700 _aPrabhunath Singh Azami
942 _cOO
999 _c113265
_d113264